| 000 | 00636cam a2200229 a 4500 | ||
|---|---|---|---|
| 001 | 2404356 | ||
| 005 | 20180213071530.0 | ||
| 008 | 860207s1986 paua b 001 0 eng c | ||
| 010 | _a 86002781 | ||
| 020 | _a0397507682 | ||
| 040 |
_aDNLM/DLC _cDLC _dDLC |
||
| 041 | _aeng | ||
| 060 | _aQY 90 A652 | ||
| 080 | _a616.07 GOR | ||
| 082 | 0 | 0 |
_a616.07 GOR _219 |
| 100 | _a5 | ||
| 101 | _aBIO | ||
| 245 | 0 | 0 |
_aApplied biochemistry of clinical disorders / _cedited by Allan G. Gornall ; with 29 contributors. |
| 504 | _aIncludes bibliographies and index. | ||
| 906 |
_a7 _bcbc _corignew _d1 _eocip _f19 _gy-gencatlg |
||
| 942 |
_2ddc _cBK |
||
| 999 |
_c42387 _d42387 |
||